Statistics for Countries that Visit Canada the Most

Click here to take the quiz!

General Stats

  • This quiz has been taken 492 times
  • The average score is 9 of 10

Answer Stats

RankCountry# of visitors% Correct
1United States22,057,860
100%
4France507,267
98%
2United Kingdom733,280
98%
3China511,234
96%
8Mexico204,756
95%
7Japan294,934
92%
5Germany343,716
90%
6Australia307,123
81%
10India200,094
77%
9South Korea204,741
71%

Score Distribution

Percentile by Number Answered

Percent of People with Each Score

Your Score History

You have not taken this quiz